[Event "Stay Safe Play From Home 294"]
[Site "Emanuel Lasker Arena"]
[Date "2020.07.10"]
[Round "7"]
[White "Haris kollari 13"]
[Black "Don59as"]
[Result "1-0"]
[WhiteElo "1924"]
[BlackElo "2003"]
[Annotator "NA"]
[PlyCount "125"]
[EventDate "2020.07.10"]
[EventType "swiss (blitz)"]

1. e4 {[%emt 0:00:01]} e5 {[%emt 0:00:01]} 2. Nf3 {[%emt 0:00:01]} Nc6 {[%emt 0:00:14]} 3. Nc3 {[%emt 0:00:03]} d6 {[%emt 0:00:01]} 4. Bb5 {[%emt 0:00:02]} Bd7 {[%emt 0:00:03]} 5. h3 {[%emt 0:00:01]} g6 {[%emt 0:00:01]} 6. d3 {[%emt 0:00:01]} Bg7 {[%emt 0:00:01]} 7. Qe2 {[%emt 0:00:05]} Nge7 {[%emt 0:00:03]} 8. g4 {[%emt 0:00:01]} Nd4 {[%emt 0:00:02]} 9. Bxd7+ {[%emt 0:00:02]} Qxd7 {[%emt 0:00:02]} 10. Nxd4 {[%emt 0:00:02]} exd4 {[%emt 0:00:00]} 11. Nd1 {[%emt 0:00:01]} O-O {[%emt 0:00:03]} 12. f3 {[%emt 0:00:05]} f5 {[%emt 0:00:04]} 13. Bg5 {[%emt 0:00:02]} Nd5 {[%emt 0:00:12]} 14. exd5 {[%emt 0:00:12]} Rae8 {[%emt 0:00:03]} 15. Ne3 {[%emt 0:00:01]} dxe3 {[%emt 0:00:01]} 16. O-O-O {[%emt 0:00:02]} h6 {[%emt 0:00:23]} 17. Bh4 {[%emt 0:00:11]} Qa4 {[%emt 0:00:06]} 18. Kb1 {[%emt 0:00:03]} g5 {[%emt 0:00:06]} 19. Be1 {[%emt 0:00:02]} f4 {[%emt 0:00:01]} 20. c3 {[%emt 0:00:07]} c6 {[%emt 0:00:05]} 21. dxc6 {[%emt 0:00:05]} bxc6 {[%emt 0:00:01]} 22. h4 {[%emt 0:00:02]} Rb8 {[%emt 0:00:01]} 23. hxg5 {[%emt 0:00:04]} hxg5 {[%emt 0:00:01]} 24. d4 {[%emt 0:00:01]} Qb5 {[%emt 0:00:09]} 25. Qc2 {[%emt 0:00:04]} Rf6 {[%emt 0:00:08]} 26. c4 {[%emt 0:00:08]} Qb7 {[%emt 0:00:09]} 27. Bc3 {[%emt 0:00:01]} d5 {[%emt 0:00:11]} 28. cxd5 {[%emt 0:00:08]} cxd5 {[%emt 0:00:00]} 29. Qh7+ {[%emt 0:00:03]} Kf7 {[%emt 0:00:01]} 30. Qh5+ {[%emt 0:00:01]} Kg8 {[%emt 0:00:15]} 31. Qxg5 {[%emt 0:00:02]} Rb6 {[%emt 0:00:01]} 32. Rh2 {[%emt 0:00:02]} Rc6 {[%emt 0:00:07]} 33. Rc1 {[%emt 0:00:03]} Rc4 {[%emt 0:00:06]} 34. Qxf4 {[%emt 0:00:04]} Re8 {[%emt 0:00:08]} 35. Re2 {[%emt 0:00:11]} Qe7 {[%emt 0:00:01]} 36. Rce1 {[%emt 0:00:02]} Rxc3 {[%emt 0:00:03]} 37. bxc3 {[%emt 0:00:03]} Qa3 {[%emt 0:00:04]} 38. Rb2 {[%emt 0:00:35]} Qxc3 {[%emt 0:00:04]} 39. Ree2 {[%emt 0:00:05]} Qd3+ {[%emt 0:00:10]} 40. Kc1 {[%emt 0:00:07]} Bxd4 {[%emt 0:00:08]} 41. Rbc2 {[%emt 0:00:12]} Bg7 {[%emt 0:00:11]} 42. g5 {[%emt 0:00:08]} Qa3+ {[%emt 0:00:06]} 43. Kd1 {[%emt 0:00:03]} d4 {[%emt 0:00:10]} 44. Rb2 {[%emt 0:00:13]} Qd3+ {[%emt 0:00:06]} 45. Ke1 {[%emt 0:00:03]} Rc8 {[%emt 0:00:05]} 46. Kf1 {[%emt 0:00:01]} Qg6 {[%emt 0:00:07]} 47. Rb8 {[%emt 0:00:04]} Qc6 {[%emt 0:00:15]} 48. Reb2 {[%emt 0:00:15]} Qc4+ {[%emt 0:00:07]} 49. Kg2 {[%emt 0:00:02]} e2 {[%emt 0:00:03]} 50. Rxc8+ {[%emt 0:00:02]} Qxc8 {[%emt 0:00:03]} 51. Rxe2 {[%emt 0:00:01]} Qc5 {[%emt 0:00:04]} 52. Qe4 {[%emt 0:00:04]} Qxg5+ {[%emt 0:00:03]} 53. Kf2 {[%emt 0:00:02]} Bf6 {[%emt 0:00:00]} 54. Qg4 {[%emt 0:00:11]} Qxg4 {[%emt 0:00:01]} 55. fxg4 {[%emt 0:00:01]} Kf7 {[%emt 0:00:01]} 56. Kf3 {[%emt 0:00:01]} Kg6 {[%emt 0:00:02]} 57. Ke4 {[%emt 0:00:01]} Kg5 {[%emt 0:00:01]} 58. Rf2 {[%emt 0:00:02]} Bg7 {[%emt 0:00:03]} 59. Rg2 {[%emt 0:00:05]} Bf6 {[%emt 0:00:02]} 60. a4 {[%emt 0:00:01]} Bg7 {[%emt 0:00:01]} 61. a5 {[%emt 0:00:02]} a6 {[%emt 0:00:02]} 62. Rc2 {[%emt 0:00:03]} Kxg4 {[%emt 0:00:01]} 63. Rg2+ {[%emt 0:00:01] Don59as resigns (Lag: Av=0.65s, max=1.6s)} 1-0

[Event "Stay Safe Play From Home 294"]
[Site "Emanuel Lasker Arena"]
[Date "2020.07.10"]
[Round "7"]
[White "Bellbox"]
[Black "Timbre"]
[Result "0-1"]
[WhiteElo "1893"]
[BlackElo "1604"]
[Annotator "NA"]
[PlyCount "58"]
[EventDate "2020.07.10"]
[EventType "swiss (blitz)"]

1. e4 {[%emt 0:00:02]} c6 {[%emt 0:00:16]} 2. d4 {[%emt 0:00:05]} d5 {[%emt 0:00:03]} 3. Nd2 {[%emt 0:00:01]} dxe4 {[%emt 0:00:02]} 4. Nxe4 {[%emt 0:00:01]} Bf5 {[%emt 0:00:02]} 5. Ng3 {[%emt 0:00:01]} Bg6 {[%emt 0:00:01]} 6. h4 {[%emt 0:00:01]} h6 {[%emt 0:00:02]} 7. Nf3 {[%emt 0:00:01]} Nd7 {[%emt 0:00:02]} 8. Bd3 {[%emt 0:00:01]} Bxd3 {[%emt 0:00:02]} 9. Qxd3 {[%emt 0:00:00]} Ngf6 {[%emt 0:00:01]} 10. Bd2 {[%emt 0:00:02]} e6 {[%emt 0:00:02]} 11. O-O-O {[%emt 0:00:01]} Qc7 {[%emt 0:00:01]} 12. Ne4 {[%emt 0:00:03]} Be7 {[%emt 0:00:03]} 13. Kb1 {[%emt 0:00:08]} O-O-O {[%emt 0:00:03]} 14. Ne5 {[%emt 0:00:08]} Nxe5 {[%emt 0:00:03]} 15. dxe5 {[%emt 0:00:26]} Rxd3 {[%emt 0:00:04]} 16. exf6 {[%emt 0:00:01]} Rxd2 {[%emt 0:00:06]} 17. Rxd2 {[%emt 0:00:03]} Bxf6 {[%emt 0:00:03]} 18. Nxf6 {[%emt 0:00:01]} gxf6 {[%emt 0:00:02]} 19. Rhd1 {[%emt 0:00:00]} a6 {[%emt 0:00:15]} 20. g3 {[%emt 0:00:02]} Re8 {[%emt 0:00:03]} 21. a3 {[%emt 0:00:01]} e5 {[%emt 0:00:05]} 22. Rd6 {[%emt 0:00:02]} Re6 {[%emt 0:00:08]} 23. R6d3 {[%emt 0:00:02]} f5 {[%emt 0:00:03]} 24. b4 {[%emt 0:00:10]} f6 {[%emt 0:00:04]} 25. Kb2 {[%emt 0:00:05]} e4 {[%emt 0:00:04]} 26. R3d2 {[%emt 0:00:02]} e3 {[%emt 0:00:03]} 27. fxe3 {[%emt 0:00:01]} Rxe3 {[%emt 0:00:02]} 28. Rd6 {[%emt 0:00:06]} Rxg3 {[%emt 0:00:08]} 29. Rxf6 {[%emt 0:00:01]} Qe5+ {[%emt 0:00:03] Bellbox resigns (Lag: Av=0.77s, max=3.0s)} 0-1

[Event "Stay Safe Play From Home 294"]
[Site "Emanuel Lasker Arena"]
[Date "2020.07.10"]
[Round "7"]
[White "Dukic"]
[Black "Shyamph1980"]
[Result "1-0"]
[WhiteElo "1860"]
[BlackElo "1600"]
[Annotator "NA"]
[PlyCount "71"]
[EventDate "2020.07.10"]
[EventType "swiss (blitz)"]

1. d4 {[%emt 0:00:04]} Nf6 {[%emt 0:00:07]} 2. c4 {[%emt 0:00:00]} e6 {[%emt 0:00:01]} 3. Nc3 {[%emt 0:00:02]} Bb4 {[%emt 0:00:01]} 4. Qb3 {[%emt 0:00:02]} c5 {[%emt 0:00:13]} 5. dxc5 {[%emt 0:00:04]} Bxc5 {[%emt 0:00:06]} 6. Nf3 {[%emt 0:00:01]} Nc6 {[%emt 0:00:04]} 7. Bf4 {[%emt 0:00:05]} d6 {[%emt 0:00:07]} 8. Rd1 {[%emt 0:00:03]} Qe7 {[%emt 0:00:07]} 9. e3 {[%emt 0:00:02]} h6 {[%emt 0:00:04]} 10. h3 {[%emt 0:00:04]} O-O {[%emt 0:00:04]} 11. Be2 {[%emt 0:00:03]} Bd7 {[%emt 0:00:26]} 12. O-O {[%emt 0:00:05]} e5 {[%emt 0:00:12]} 13. Bh2 {[%emt 0:00:06]} Be6 {[%emt 0:00:03]} 14. Nd2 {[%emt 0:00:18]} Rfd8 {[%emt 0:00:18]} 15. a3 {[%emt 0:00:02]} a6 {[%emt 0:00:08]} 16. Qc2 {[%emt 0:00:08]} a5 {[%emt 0:00:20]} 17. Rfe1 {[%emt 0:00:25]} Qc7 {[%emt 0:00:05]} 18. Bf3 {[%emt 0:00:06]} Re8 {[%emt 0:00:19]} 19. Nb5 {[%emt 0:00:35]} Qb6 {[%emt 0:00:12]} 20. Ne4 {[%emt 0:00:13]} Nxe4 {[%emt 0:00:07]} 21. Bxe4 {[%emt 0:00:01]} Rad8 {[%emt 0:00:04]} 22. Rd2 {[%emt 0:00:02]} Rf8 {[%emt 0:00:08]} 23. Red1 {[%emt 0:00:02]} f5 {[%emt 0:00:09]} 24. Bd5 {[%emt 0:00:05]} Bxd5 {[%emt 0:00:05]} 25. Rxd5 {[%emt 0:00:02]} Rf6 {[%emt 0:00:02]} 26. Nc3 {[%emt 0:00:09]} Ne7 {[%emt 0:00:02]} 27. R5d2 {[%emt 0:00:02]} Rg6 {[%emt 0:00:07]} 28. Bxe5 {[%emt 0:00:05]} dxe5 {[%emt 0:00:03]} 29. Rxd8+ {[%emt 0:00:02]} Kh7 {[%emt 0:00:01]} 30. Na4 {[%emt 0:00:02]} Qc6 {[%emt 0:00:02]} 31. f3 {[%emt 0:00:19]} Bxe3+ {[%emt 0:00:04]} 32. Kh1 {[%emt 0:00:06]} b5 {[%emt 0:00:05]} 33. Qe2 {[%emt 0:00:10]} bxc4 {[%emt 0:00:03]} 34. Qxe3 {[%emt 0:00:02]} Qxa4 {[%emt 0:00:01]} 35. Qxe5 {[%emt 0:00:01]} Qc2 {[%emt 0:00:04]} 36. R8d2 {[%emt 0:00:03] Time (Lag: Av=0.74s, max=4.5s)} 1-0

[Event "Stay Safe Play From Home 294"]
[Site "Emanuel Lasker Arena"]
[Date "2020.07.10"]
[Round "7"]
[White "Edmatuag"]
[Black "Lazieri3"]
[Result "0-1"]
[WhiteElo "1762"]
[BlackElo "2206"]
[Annotator "TA"]
[PlyCount "120"]
[EventDate "2020.07.10"]
[EventType "swiss (blitz)"]

{[%evp 11,120,0,33,8,-2,-30,-24,-35,-47,-41,-34,-52,-42,-37,-22,-60,-48,-47,-50,-29,-29,-30,-29,-31,-37,-33,-58,-44,0,-188,-153,-152,-142,-137,-86,-116,-115,-117,-114,-167,-158,-231,-235,-239,-221,-259,-248,-317,-315,-302,-291,-309,-300,-309,-294,-327,-313,-315,-301,-272,-207,-203,-199,-201,-191,-204,-199,-421,-397,-404,-409,-462,-451,-752,-541,-733,-543,-435,0,-723,0,-699,-688,-606,-605,-1086,-993,-1093,-1089,-831,-937,-979,-997,-1306,-1339,-1085,-965,-29976,-29982,-29982,-29983,-29983,-29984,-29984,-29985,-29987,-29988,-29989,-29990,-29990,-29990]} 1. d4 c6 2. e3 d5 3. c4 Nf6 4. Nc3 Bf5 5. Nf3 e6 6. Qb3 b6 7. cxd5 {D15: Slav Defence: 4 Nc3 a6 and gambit lines after 4 Nc3 dxc4.} exd5 8. Bd2 Bd6 9. Rc1 {Black has an edge.} O-O 10. Be2 Nbd7 11. O-O Rc8 {[#]} 12. Nh4 $146 ({Predecessor:} 12. Rfd1 Re8 13. Be1 Ne4 14. Nxe4 Bxe4 15. Nd2 Nf6 16. Nf1 h6 17. Bb4 Nh7 18. Bxd6 Qxd6 {½-½ (25) Vang,T (1997)-Do,H Hue 2008}) 12... Bg4 13. Bd3 Ne4 14. Bxe4 Bxh2+ 15. Kxh2 {Bxh7+ is the strong threat.} Qxh4+ 16. Kg1 {Strongly threatening Bb1.} dxe4 17. Nxe4 Be6 18. Qc2 Bf5 19. f3 Rfe8 {[%cal Rf5e4]} 20. g3 $2 (20. Qc4 $11 Re6 21. Be1) 20... Qh3 ({Stronger than} 20... Bxe4 21. gxh4 Bxc2 22. Rxc2 $11) 21. Be1 Re6 22. Qg2 Qxg2+ 23. Kxg2 Bxe4 24. fxe4 Rxe4 25. Rf3 (25. Bf2 $17 {was necessary.}) 25... g6 26. d5 (26. Rc2 $17) 26... c5 $19 27. Bc3 Rce8 28. Rcf1 f5 ({Less strong is} 28... Rxe3 29. Rxf7 Re2+ 30. Kh3 $15) 29. Kf2 Ne5 30. Bxe5 R4xe5 {[%mdl 4096] Endgame KRR-KRR} ({Don't take} 30... R8xe5 31. Rd1 $19) 31. Rd1 Rd8 32. d6 Re6 33. e4 Rexd6 34. Rxd6 Rxd6 35. exf5 gxf5 {KR-KR} 36. Ke2 Rd5 37. Ra3 a5 38. Rb3 {[#]} Rd6 $1 39. Ke3 $2 (39. Rf3) 39... Kf7 40. Kf4 Kf6 41. Kf3 h5 42. a4 (42. Rc3 $142) 42... Kg5 43. Rb5 Rd3+ 44. Kf2 Rd6 (44... Kg4 $142 45. Rxb6 Rf3+ 46. Ke2 Rxg3) 45. Kf3 $1 Kf6 46. Rb3 $1 c4 47. Rb5 Kg5 48. Ke3 Rd3+ 49. Kf2 Rb3 50. Rd5 Rxb2+ 51. Kf3 Rb4 52. Rd6 c3 53. Rc6 Rxa4 54. Rxb6 Rc4 {Black mates.} 55. Rb1 c2 56. Rc1 a4 57. Ke2 a3 58. Kd2 a2 59. g4 hxg4 60. Kd3 {[#]} a1=Q $1 {[%mdl 64] Promotion. Accuracy: White = 53%, Black = 89%.} 0-1

[Event "Stay Safe Play From Home 294"]
[Site "Emanuel Lasker Arena"]
[Date "2020.07.10"]
[Round "7"]
[White "Bishop91"]
[Black "Maxe11"]
[Result "1-0"]
[WhiteElo "1716"]
[BlackElo "1787"]
[Annotator "NA"]
[PlyCount "77"]
[EventDate "2020.07.10"]
[EventType "swiss (blitz)"]

1. e3 {[%emt 0:00:02]} d5 {[%emt 0:00:03]} 2. d4 {[%emt 0:00:06]} Nf6 {[%emt 0:00:04]} 3. Nf3 {[%emt 0:00:00]} Bf5 {[%emt 0:00:02]} 4. Bd3 {[%emt 0:00:01]} Bxd3 {[%emt 0:00:02]} 5. Qxd3 {[%emt 0:00:00]} c6 {[%emt 0:00:01]} 6. O-O {[%emt 0:00:02]} e6 {[%emt 0:00:01]} 7. c4 {[%emt 0:00:01]} Bd6 {[%emt 0:00:03]} 8. Nc3 {[%emt 0:00:03]} Nbd7 {[%emt 0:00:02]} 9. Bd2 {[%emt 0:00:03]} O-O {[%emt 0:00:02]} 10. c5 {[%emt 0:00:00]} Bc7 {[%emt 0:00:02]} 11. b4 {[%emt 0:00:00]} a6 {[%emt 0:00:02]} 12. e4 {[%emt 0:00:09]} dxe4 {[%emt 0:00:06]} 13. Nxe4 {[%emt 0:00:01]} Nd5 {[%emt 0:00:01]} 14. a3 {[%emt 0:00:06]} N7f6 {[%emt 0:00:02]} 15. Bg5 {[%emt 0:00:02]} h6 {[%emt 0:00:04]} 16. Bxf6 {[%emt 0:00:02]} Nxf6 {[%emt 0:00:01]} 17. Rad1 {[%emt 0:00:10]} Re8 {[%emt 0:00:05]} 18. Ne5 {[%emt 0:00:11]} Bxe5 {[%emt 0:00:32]} 19. dxe5 {[%emt 0:00:00]} Qxd3 {[%emt 0:00:01]} 20. Nxf6+ {[%emt 0:00:00]} gxf6 {[%emt 0:00:02]} 21. Rxd3 {[%emt 0:00:00]} Red8 {[%emt 0:00:11]} 22. Rfd1 {[%emt 0:00:02]} Rd5 {[%emt 0:00:02]} 23. exf6 {[%emt 0:00:02]} Rad8 {[%emt 0:00:03]} 24. Rxd5 {[%emt 0:00:01]} Rxd5 {[%emt 0:00:02]} 25. Ra1 {[%emt 0:00:05]} Kh7 {[%emt 0:00:03]} 26. Kf1 {[%emt 0:00:01]} Kg6 {[%emt 0:00:01]} 27. Ke2 {[%emt 0:00:00]} Kxf6 {[%emt 0:00:01]} 28. f3 {[%emt 0:00:01]} e5 {[%emt 0:00:11]} 29. Rd1 {[%emt 0:00:01]} Ke6 {[%emt 0:00:02]} 30. Rd3 {[%emt 0:00:03]} f5 {[%emt 0:00:06]} 31. Ke3 {[%emt 0:00:02]} a5 {[%emt 0:00:03]} 32. g3 {[%emt 0:00:05]} axb4 {[%emt 0:00:03]} 33. axb4 {[%emt 0:00:00]} h5 {[%emt 0:00:09]} 34. h3 {[%emt 0:00:02]} f4+ {[%emt 0:00:30]} 35. gxf4 {[%emt 0:00:05]} exf4+ {[%emt 0:00:01]} 36. Ke4 {[%emt 0:00:00]} Rxd3 {[%emt 0:00:06]} 37. Kxd3 {[%emt 0:00:01]} Kd5 {[%emt 0:00:02]} 38. h4 {[%emt 0:00:03]} Ke6 {[%emt 0:00:02]} 39. Ke4 {[%emt 0:00:04] Maxe11 gibt auf (Lag: Av=0.38s, max=0.9s)} 1-0

[Event "Stay Safe Play From Home 294"]
[Site "Emanuel Lasker Arena"]
[Date "2020.07.10"]
[Round "7"]
[White "Klasman"]
[Black "Grizzzly"]
[Result "0-1"]
[WhiteElo "1635"]
[BlackElo "1737"]
[Annotator "NA"]
[PlyCount "20"]
[EventDate "2020.07.10"]
[EventType "swiss (blitz)"]

1. f4 {[%emt 0:00:03]} d5 {[%emt 0:00:01]} 2. Nf3 {[%emt 0:00:01]} c5 {[%emt 0:00:03]} 3. e3 {[%emt 0:00:01]} Nc6 {[%emt 0:00:01]} 4. d4 {[%emt 0:00:02]} cxd4 {[%emt 0:00:05]} 5. exd4 {[%emt 0:00:02]} Bg4 {[%emt 0:00:01]} 6. Be2 {[%emt 0:00:05]} e6 {[%emt 0:00:03]} 7. c4 {[%emt 0:00:03]} dxc4 {[%emt 0:00:05]} 8. Qa4 {[%emt 0:00:13]} Bb4+ {[%emt 0:00:29]} 9. Bd2 {[%emt 0:00:09]} Qa5 {[%emt 0:00:09]} 10. Bxb4 {[%emt 0:00:20]} Qxa4 {[%emt 0:00:06] Klasman resigns (Lag: Av=0.36s, max=0.4s)} 0-1